'W' Books by Cover Quiz Stats

 Plays Quiz Updated Nov 2, 2014

Also try: 'A' Books by Cover
Challenge
Share
Tweet
Score 0/15 Timer 05:00
0 Plays Today
Book % Correct
Where's Waldo
92.7%
Winnie the Pooh
91.3%
The Wonderful Wizard of Oz
86.6%
Where the Wild Things Are
85.9%
Wuthering Heights
76.2%
War and Peace
74%
Watership Down
67.6%
Where the Sidewalk Ends
63.7%
Book % Correct
White Fang
61.3%
The Wind in the Willows
58%
The Witches
54.2%
Wicked
48%
A Wrinkle in Time
43.6%
Water for Elephants
41.9%
Where the Red Fern Grows
41.9%

You're not logged in!

Compare scores with friends on all Sporcle quizzes.
OR
Log In

You Might Also Like...

Show Comments

Extras

Top Quizzes Today


Score Distribution

Your Account Isn't Verified!

In order to create a playlist on Sporcle, you need to verify the email address you used during registration. Go to your Sporcle Settings to finish the process.

Report this User

Report this user for behavior that violates our Community Guidelines.

Details: